[Event "Mumbai Wealth rating op 4th"]
[Site "Mumbai"]
[Date "2019.01.03"]
[Round "5"]
[White "Aditya, Varun Gampa"]
[Black "Deepak, Rai"]
[Result "1-0"]
[WhiteElo "1809"]
[BlackElo "1710"]
[PlyCount "121"]
[EventDate "2018.12.30"]
[EventType "swiss"]
[EventRounds "9"]
[EventCountry "IND"]
[SourceTitle "CBM 188 Extra"]
[Source "ChessBase"]
[SourceDate "2019.02.26"]
[SourceVersion "1"]
[SourceVersionDate "2019.02.26"]
[SourceQuality "1"]

1. e4 d6 2. d4 Nf6 3. Nc3 Nbd7 4. g4 h6 5. h3 e5 6. Nge2 b5 7. a3 Bb7 8. Bg2 a5 9. Ng3 b4 10. Nce2 d5 11. exd5 Bxd5 12. Bxd5 Nxd5 13. axb4 Bxb4+ 14. c3 Be7 15. 0-0 0-0 16. f4 exf4 17. Nxf4 N7b6 18. Nf5 Bg5 19. Nxd5 Nxd5 20. Qf3 Ne7 21. Bxg5 hxg5 22. Nxe7+ Qxe7 23. Rae1 Qd6 24. Re5 f6 25. Qd5+ Qxd5 26. Rxd5 a4 27. Rc5 Rfb8 28. Rf2 Rb7 29. Re2 Kf7 30. Kf2 Re8 31. Rd2 Reb8 32. Ke3 Ke7 33. Rc4 Kd6 34. Rxa4 Rxb2 35. Ra2 Rb1 36. Kd3 Rg1 37. Ra6+ Kd7 38. Kc4 Rg3 39. Re2 Re8 40. Rxe8 Kxe8 41. Ra8+ Kd7 42. Rg8 Rxh3 43. Rxg7+ Kd6 44. Rf7 Rf3 45. Kb4 Rf4 46. Kb5 c6+ 47. Kb6 Rf1 48. Kb7 Rb1+ 49. Kc8 Ke6 50. Rc7 Kd6 51. c4 Rd1 52. Rd7+ Ke6 53. Kc7 c5 54. Rd6+ Ke7 55. dxc5 Ra1 56. Rd4 f5 57. gxf5 Kf6 58. c6 Kxf5 59. Kd7 g4 60. c7 g3 61. c8Q 1-0

[Event "Mumbai Wealth rating op 4th"]
[Site "Mumbai"]
[Date "2018.12.30"]
[Round "1"]
[White "Bamboat, Hrrehan"]
[Black "Deepak, Rai"]
[Result "0-1"]
[WhiteElo "1231"]
[BlackElo "1710"]
[PlyCount "122"]
[EventDate "2018.12.30"]
[EventType "swiss"]
[EventRounds "9"]
[EventCountry "IND"]
[SourceTitle "CBM 188 Extra"]
[Source "ChessBase"]
[SourceDate "2019.02.26"]
[SourceVersion "1"]
[SourceVersionDate "2019.02.26"]
[SourceQuality "1"]

1. e4 d6 2. d4 Nf6 3. Nc3 Nbd7 4. Bc4 e5 5. Nge2 c6 6. a4 a5 7. 0-0 Be7 8. h3 Qc7 9. Be3 Nf8 10. f4 Be6 11. Bd3 Rd8 12. Qe1 exf4 13. Nxf4 Bc8 14. Qg3 Ng6 15. Rae1 Nxf4 16. Qxf4 0-0 17. e5 Nd7 18. Qg3 Kh8 19. Bf4 dxe5 20. dxe5 Qb6+ 21. Be3 Qxb2 22. Bd4 Bc5 23. Qh4 Bxd4+ 24. Qxd4 Qb4 25. Rf4 Qxd4+ 26. Rxd4 Nc5 27. Rxd8 Rxd8 28. Bc4 Kg8 29. Rf1 Be6 30. Be2 Rd4 31. Rb1 Kf8 32. Kf1 Bc4 33. Ke1 Bxe2 34. Kxe2 Ke7 35. Ke3 Rc4 36. Kd2 Ke6 37. Re1 h6 38. Re3 Rd4+ 39. Ke2 Rc4 40. Kd2 Nxa4 41. Nxa4 Rxa4 42. Ke2 Rc4 43. Kd2 b5 44. Kc1 Rc5 45. Kb2 Rxe5 46. Rg3 g6 47. Kb3 c5 48. Kb2 a4 49. Kb1 b4 50. Kc1 c4 51. Kb1 Kd5 52. Rf3 f5 53. Kc1 b3 54. cxb3 axb3 55. Rf2 c3 56. Kd1 Kc4 57. Rf4+ Re4 58. Rf3 b2 59. Kc2 Re2+ 60. Kb1 Kb3 61. g3 Re1# 0-1

[Event "New Delhi Parsvnath op 6th"]
[Site "New Delhi"]
[Date "2008.01.15"]
[Round "4"]
[White "Priyadharshan, Kannappan"]
[Black "Deepak, Rai"]
[Result "1-0"]
[WhiteElo "2297"]
[BlackElo "2059"]
[PlyCount "61"]
[EventDate "2008.01.13"]
[EventType "swiss"]
[EventRounds "10"]
[EventCountry "IND"]
[SourceTitle "CBM 122 Extra"]
[Source "ChessBase"]
[SourceDate "2008.03.04"]
[SourceVersion "1"]
[SourceVersionDate "2008.03.04"]
[SourceQuality "1"]

1. Nf3 Nf6 2. e3 e6 3. b3 b6 4. Bb2 Bb7 5. d4 Be7 6. Bd3 Ne4 7. Bxe4 Bxe4 8. Nbd2 Bb7 9. e4 d6 10. 0-0 Nd7 11. c4 Bf6 12. Qc2 e5 13. d5 g5 14. Ne1 Qe7 15. b4 a5 16. a3 Kf8 17. Nd3 Kg7 18. Rfb1 axb4 19. axb4 c6 20. Nf1 c5 21. Ng3 Kg6 22. Qd1 h5 23. Rxa8 Bxa8 24. Ra1 h4 25. Nf5 Qd8 26. Nxd6 cxb4 27. Qg4 Qc7 28. Nxe5+ Nxe5 29. Qf5+ Kg7 30. Bxe5 Bxe5 31. Qxg5+ 1-0